000 00619nas a2200229 4500
001 BR9501280
003 BR-BrBNA
005 20231205094257.0
007 ta
008 230509b bl.|||p| |||| 00| 00por d
040 _aBR-BrBNA
_bpor
_cBiblioteca Nacional de Agricultura
041 _a(Pt)
072 _aL74
100 1 _aEncarnacao, R.O.
245 1 _aA ameaca do estresse
650 _aBovino
650 _aStress
650 _aDisturbio Animal
773 0 _tLavoura (Brazil)
_xISSN 0023-9135
_g(Jul-Aug 1993), v. 96(602) p. 9
_wBR9501280
909 _a202311
_bLúcia
_c55
_dLúcia Elande
942 _2AGRIS
_n0
_cANA
999 _c143273
_d143273